Statistics for Language Families that Use Cyrillic

Click here to take the quiz!

General Stats

  • This quiz has been taken 82 times
  • The average score is 6 of 13

Answer Stats

Language FamilyExamples% Correct
Indo-EuropeanRussian, Bulgarian, Ossetic
83%
TurkicUzbek, Tatar, Tuvan
83%
UralicKarelian, Mari, Komi
78%
MongolicMongol, Buryat, Kalmyk
70%
Northwest CaucasianAbkhaz, Kabardian, Adyghe
52%
Northeast CaucasianChechen, Avar, Ingush
49%
Sino-TibetanDungan
43%
Eskimo-AleutNaukan Yupik, Central Siberian Yupik
36%
TungusicEvenki, Nanai
36%
YeniseianKet
23%
Nivkh(Isolate)
17%
Chukotko-KamchatkanChukchi, Koryak
16%
Yukaghir(Isolate)
14%

Score Distribution

Percentile by Number Answered

Percent of People with Each Score

Your Score History

You have not taken this quiz